| 000 | 00876cam a2200217 i 4500 | ||
|---|---|---|---|
| 005 | 20260223094544.0 | ||
| 008 | 250721s2010 jo gr 000 0 ara d | ||
| 020 | _a9789957024062 | ||
| 082 | 1 | 4 |
_a409 _bد ر ي |
| 100 | 1 |
_aأبو دريع، سامر _eمؤلف. |
|
| 245 | 1 | 0 |
_aقواعد العربية للصم والبكم : _bلغة الإشارة / _cالمؤلفون أ.سامر محمد أبو ربيع، د. ياسمين سعد كليب، أ. خالد الذكير. |
| 250 | _aالطبعة الولى. | ||
| 264 | 3 | 1 |
_aعمان : _bدار مجدلاوي للنشر، _c2010. |
| 300 | _a272 صفحة. | ||
| 650 | 1 | 7 | _aلغة الإشارة. |
| 650 | 1 | 7 | _aالبكم و الصمم. |
| 700 | 1 |
_aكليب، ياسمين سعد _eمؤلف. |
|
| 700 | 1 |
_aالذكير، خالد سليمان _dمؤلف. |
|
| 942 |
_2ddc _cBK |
||
| 999 |
_c121174 _d121174 |
||